Sports Quiz

Random Sports or NBA Quiz

NBA MVP winners until 2016/17 Quiz Stats

Quiz not verified by Sporcle

Challenge
Share
Tweet
Embed
Score 0/62 Timer 06:00
0 Plays Today
Year Answer % Correct
2014/15Stephen Curry
94%
2008/09LeBron James
94%
2009/10LeBron James
94%
2011/12LeBron James
94%
2012/13 LeBron James
94%
2015/16Stephen Curry
94%
1987/88Michael Jordan
93.2%
1990/91Michael Jordan
93.2%
1991/92Michael Jordan
93.2%
1995/96Michael Jordan
93.2%
1997/98Michael Jordan
93.2%
2013/14Kevin Durant
91.7%
1959/60Wilt Chamberlain
91.7%
1965/66Wilt Chamberlain
91.7%
1966/67Wilt Chamberlain
91.7%
1967/68Wilt Chamberlain
91.7%
2001/02Tim Duncan
91.7%
2002/03 Tim Duncan
91.7%
2016/17Russell Westbrook
91.7%
1970/71Lew Alcindor
91%
1971/72Kareem Abdul-Jabbar
91%
1973/74Kareem Abdul-Jabbar
91%
1975/76Kareem Abdul-Jabbar
91%
1976/77Kareem Abdul-Jabbar
91%
1979/80Kareem Abdul-Jabbar
91%
1999/00Shaquille O'Neal
91%
2007/08Kobe Bryant
91%
1957/58Bill Russell
90.2%
1960/61Bill Russell
90.2%
1961/62Bill Russell
90.2%
1962/63 Bill Russell
90.2%
Year Answer % Correct
1964/65Bill Russell
90.2%
1983/84Larry Bird
89.5%
1985/86Larry Bird
89.5%
1984/85Larry Bird
89.5%
1986/87Magic Johnson
89.5%
1988/89Magic Johnson
89.5%
1989/90Magic Johnson
89.5%
2003/04Kevin Garnett
89.5%
2006/07Dirk Nowitzki
89.5%
2004/05Steve Nash
88.7%
2005/06Steve Nash
88.7%
2000/01Allen Iverson
88%
1993/94Hakeem Olajuwon
87.2%
2010/11Derrick Rose
87.2%
1996/97Karl Malone
86.5%
1998/99Karl Malone
86.5%
1978/79Moses Malone
85.7%
1981/82Moses Malone
85.7%
1982/83Moses Malone
85.7%
1980/81Julius Erving
84.2%
1994/95David Robinson
83.5%
1992/93Charles Barkley
79.7%
1963/64Oscar Robertson
75.9%
1955/56Bob Pettit
72.9%
1958/59Bob Pettit
72.9%
1956/57Bob Cousy
72.2%
1977/78Bill Walton
69.9%
1968/69Wes Unseld
62.4%
1969/70Willis Reed
61.7%
1974/75Bob McAdoo
54.1%
1972/73Dave Cowens
51.9%

You're not logged in!

Compare scores with friends on all Sporcle quizzes.
Join for Free
OR
Log In

You Might Also Like...

Show Comments

Extras

Created Jun 29, 2017ReportNominate
Tags:NBA Quiz, 2016, mvp, team, until, winner

Top Quizzes Today


Score Distribution

Your Account Isn't Verified!

In order to create a playlist on Sporcle, you need to verify the email address you used during registration. Go to your Sporcle Settings to finish the process.

Report this User

Report this user for behavior that violates our Community Guidelines.

Details: